ISTE Handbook 1995-96 (Record no. 293957)

MARC details
000 -LEADER
fixed length control field 00349nam a2200157Ia 4500
008 - FIXED-LENGTH DATA ELEMENTS--GENERAL INFORMATION
fixed length control field 230718s9999 xx 000 0 und d
041 ## - LANGUAGE CODE
Language code of text/sound track or separate title eng
082 ## - DEWEY DECIMAL CLASSIFICATION NUMBER
Classification number 620.071
Item number IST
100 ## - MAIN ENTRY--PERSONAL NAME
Personal name ISTE
245 ## - TITLE STATEMENT
Title ISTE Handbook 1995-96
260 ## - PUBLICATION, DISTRIBUTION, ETC. (IMPRINT)
Date of publication, distribution, etc. 1995
Name of publisher, distributor, etc. ISTE
300 ## - PHYSICAL DESCRIPTION
Extent 182
365 ## - TRADE PRICE
Currency code Rs.
Price amount 100.00
700 ## - ADDED ENTRY--PERSONAL NAME
Personal name ISTE
906 ## - LOCAL DATA ELEMENT F, LDF (RLIN)
d B:12-Aug-2008
c OTH
Holdings
Withdrawn status Lost status Damaged status Not for loan Home library Current library Date acquired Vendor Budget Code Cost, normal purchase price Bill number Total Checkouts Full call number Barcode Date last seen Cost, replacement price Bill Date Koha item type Original Barcode
        Cummins College of Engineering for Women Pune Cummins College of Engineering for Women Pune 23/06/1995 ISTE OTH 100.00 1113   620.071 CCEP-BK-5162 18/07/2023 100.00 10/06/1995 Books 005162